Handbook of software reliability engineering / (Record no. 61134)
[ view plain ]
| 000 -LEADER | |
|---|---|
| fixed length control field | 01286cam a2200289 a 4500 |
| 001 - CONTROL NUMBER | |
| control field | 673523 |
| 003 - CONTROL NUMBER IDENTIFIER | |
| control field | NUST-PNEC |
| 005 - DATE AND TIME OF LATEST TRANSACTION | |
| control field | 20170116180715.0 |
| 008 - FIXED-LENGTH DATA ELEMENTS--GENERAL INFORMATION | |
| fixed length control field | 951023s1996 caua bf 001 0 eng |
| 010 ## - LIBRARY OF CONGRESS CONTROL NUMBER | |
| LC control number | 95046468 |
| 020 ## - INTERNATIONAL STANDARD BOOK NUMBER | |
| International Standard Book Number | 0070394008 |
| 040 ## - CATALOGING SOURCE | |
| Original cataloging agency | DLC |
| Transcribing agency | PNEC |
| Modifying agency | DLC |
| 050 00 - LIBRARY OF CONGRESS CALL NUMBER | |
| Classification number | QA76.76.R44 |
| Item number | H36 1996 |
| 082 00 - DEWEY DECIMAL CLASSIFICATION NUMBER | |
| Classification number | 005.1 LYN |
| 100 ## - MAIN ENTRY--PERSONAL NAME | |
| 9 (RLIN) | 677 |
| Personal name | Lyu Michael R. |
| 245 00 - TITLE STATEMENT | |
| Title | Handbook of software reliability engineering / |
| Statement of responsibility, etc. | Michael R. Lyu, editor in chief. |
| 260 ## - PUBLICATION, DISTRIBUTION, ETC. | |
| Place of publication, distribution, etc. | Los Alamitos, Calif. : |
| Name of publisher, distributor, etc. | IEEE Computer Society Press ; |
| Place of publication, distribution, etc. | New York : |
| Name of publisher, distributor, etc. | McGraw Hill, |
| Date of publication, distribution, etc. | c1996. |
| 300 ## - PHYSICAL DESCRIPTION | |
| Extent | xxv, 850 p. : |
| Other physical details | ill. ; |
| Dimensions | 24 cm. + |
| 500 ## - GENERAL NOTE | |
| General note | http://www.amazon.com/Handbook-Software-Reliability-Engineering-Michael/dp/0070394008/ref=sr_1_1?s=books&ie=UTF8&qid=1413524030&sr=1-1&keywords=0070394008 |
| 504 ## - BIBLIOGRAPHY, ETC. NOTE | |
| Bibliography, etc. note | Includes bibliographical references (p. 781-820). |
| 538 ## - SYSTEM DETAILS NOTE | |
| System details note | System requirements for accompanying computer disc: IBM-compatible PC; MS/DOS. |
| 650 #0 - SUBJECT ADDED ENTRY--TOPICAL TERM | |
| Topical term or geographic name entry element | Computer software |
| General subdivision | Reliability |
| -- | Handbooks, manuals, etc. - MIS |
| 700 1# - ADDED ENTRY--PERSONAL NAME | |
| Personal name | Lyu, Michael R. |
| 906 ## - LOCAL DATA ELEMENT F, LDF (RLIN) | |
| a | 7 |
| b | cbc |
| c | orignew |
| d | 1 |
| e | ocip |
| f | 19 |
| g | y-gencatlg |
| 942 ## - ADDED ENTRY ELEMENTS (KOHA) | |
| Source of classification or shelving scheme | |
| Koha item type | Book |
| Withdrawn status | Lost status | Source of classification or shelving scheme | Damaged status | Not for loan | Permanent Location | Current Location | Shelving location | Date acquired | Source of acquisition | Cost, normal purchase price | Total Checkouts | Full call number | Barcode | Date last seen | Cost, replacement price | Price effective from | Koha item type |
|---|---|---|---|---|---|---|---|---|---|---|---|---|---|---|---|---|---|
| Pakistan Navy Engineering College (PNEC) | Pakistan Navy Engineering College (PNEC) | Reference | 12/03/1997 | - | 856.00 | 005.1 LYN | PNECLIB-019635 | 10/17/2014 | 856.00 | 12/03/1997 | Book |
